Способ переработки цирконового концентрата: № 2021132431; заявлено: 09.11.2021; опубликовано: 05.04.2022

Bibliografiske detaljer
Institution som forfatter: Национальный исследовательский Томский политехнический университет (587)
Andre forfattere: Смороков А. А. Андрей Аркадьевич, Кантаев А. С. Александр Сергеевич, Брянкин Д. В. Даниил Валерьевич, Миклашевич А. А. Анна Андреевна
Summary:Изобретение относится к металлургии редких металлов, а именно к способам переработки цирконового концентрата, и может быть использовано для получения бадделеитового концентрата – сырья для производства цирконийсодержащих продуктов: керамического диоксида циркония и металлического циркония и его сплавов, а также диоксида кремния в виде товарного продукта
Текстовый файл
Sprog:russisk
Udgivet:
Fag:
Online adgang:https://www.fips.ru/cdfi/fips.dll/ru?ty=29&docid=2769684
Format: MixedMaterials Electronisk Bog
KOHA link:https://koha.lib.tpu.ru/cgi-bin/koha/opac-detail.pl?biblionumber=681434

MARC

LEADER 00000nam0a2200000 4500
001 681434
005 20250828104133.0
029 1 0 |a RU  |c Патент  |b 2769684 C1  |d МПК C22B 34/14, C22B 1/02, C01G 25/00, C01B 33/00 
039 0 |a RU  |b 2021132431  |c 20211109 
090 |a 681434 
100 |a 20250827j20220405k||y0rusy50 ca 
101 0 |a rus 
102 |a RU 
105 |a y k 000yy 
135 |a drgn ---uucaa 
181 0 |a i   |b  e  
182 0 |a b 
183 0 |a cr  |2 RDAcarrier 
200 1 |a Способ переработки цирконового концентрата  |e № 2021132431  |e заявлено: 09.11.2021  |e опубликовано: 05.04.2022  |f А. А. Смороков, А. С. Кантаев, Д. В. Брянкин, А. А. Миклашевич  |g заявитель Федеральное государственное автономное образовательное учреждение высшего образования "Национальный исследовательский Томский политехнический университет" 
203 |a Текст  |b визуальный  |c электронный 
215 |a 1 файл 
283 |a online_resource  |2 RDAcarrier 
330 |a Изобретение относится к металлургии редких металлов, а именно к способам переработки цирконового концентрата, и может быть использовано для получения бадделеитового концентрата – сырья для производства цирконийсодержащих продуктов: керамического диоксида циркония и металлического циркония и его сплавов, а также диоксида кремния в виде товарного продукта 
336 |a Текстовый файл 
610 1 |a труды учёных ТПУ 
610 1 |a электронный ресурс 
610 1 |a изобретения 
610 1 |a патенты 
679 0 |2 ipc  |a C22B 34/14 (2006.01) 
679 0 |2 ipc  |a C22B 1/02 (2006.01) 
679 0 |2 ipc  |a C01G 25/00 (2006.01) 
679 0 |2 ipc  |a C01B 33/00 (2006.01) 
679 0 |2 cpc  |a C22B 34/14 (2022.02) 
679 0 |2 cpc  |a C22B 1/02 (2022.02) 
679 0 |2 cpc  |a C01G 25/00 (2022.02) 
679 0 |2 cpc  |a C01B 33/00 (2022.02) 
702 1 |a Смороков  |b А. А.  |c химик-технолог  |c старший преподаватель, младший научный сотрудник Томского политехнического университета  |f 1993-  |g Андрей Аркадьевич  |4 584  |9 17436 
702 1 |a Кантаев  |b А. С.  |c химик-технолог  |c доцент Томского политехнического университета, кандидат наук  |f 1981-  |g Александр Сергеевич  |4 584  |9 12916 
702 1 |a Брянкин  |b Д. В.  |c химик  |c лаборант-исследователь Томского политехнического университета  |f 2000-  |g Даниил Валерьевич  |4 584  |9 22481 
702 1 |a Миклашевич  |b А. А.  |g Анна Андреевна  |4 584 
712 0 2 |a Национальный исследовательский Томский политехнический университет  |c (2009- )  |9 26305  |4 587 
801 0 |a RU  |b 63413507  |c 20250827  |g RCR 
856 4 |u https://www.fips.ru/cdfi/fips.dll/ru?ty=29&docid=2769684  |z https://www.fips.ru/cdfi/fips.dll/ru?ty=29&docid=2769684 
942 |c CF